000
00330nam a2200133Ia 4500
008
210210b1970 xxu||||| |||| 00| 0 eng d
082
_a
301 LYMS
100
_a
LYMAN (Standard M) & SCOTT (Marvin).
245
_a
Sociology of the absurd.
260
_a
NY
_b
A C C
_c
1970
300
_a
xi,221
690
_a
Sociology
906
_a
041004
999
_c
91161
_d
91161